• 首页
  • 本馆介绍
  • 公告通知
  • 最新文献
  • 馆藏检索
  • 电子资源
  • 读者导购
  • 参考咨询
  • 我的图书馆
  • 登录
  • 详细信息显示
  • 放入我的书架
  • 预约/预借图书
  • 作者相关作品
  • 分类相关作品
  • 丛书相关作品
  • 出版社相关作品

书目信息

  • 表格格式
  • 工作单格式
  • 卡片格式
题名:
千亿个太阳
    
 
作者: 基彭哈恩 著 ;沈良照 , 黄润乾 译
分册:  
出版信息: 长沙   湖南科学技术出版社  2018
页数: 21,278页
开本: 21cm
丛书名: 第一推动丛书
单 册:
中图分类: P152
科图分类:
主题词: 恒星演化
电子资源:
ISBN: 978-7-5357-9452-9
000 01118oam2 2200289 450
001 3615
005 20180528105041.44
010    @a978-7-5357-9452-9@dCNY49.00
100    @a20180315d2018 em y0chiy50 ea
101 1  @achi@ceng
102    @aCN@b430000
105    @aa z 000yy
200 1  @a千亿个太阳@9qian yi ge tai yang@dHundert milliarden sonnen@f(德)鲁道夫·基彭哈恩(Rudolf Kippenhahn)著@g沈良照,黄润乾译@zeng
210    @a长沙@c湖南科学技术出版社@d2018
215    @a21,278页@c图@d21cm
225 2  @a第一推动丛书@i宇宙系列@v08
330    @a本书介绍了恒星的能源、结构和演化,射电脉冲星、密近双星质量转移、致密X射线及地外文明的知识。全书基本上撇开了数学公式,运用了许多比喻,叙述了许多著者亲身经历的故事。
461  0 @12001 @a第一推动丛书
462  0 @12001 @a宇宙系列
510 1  @aHundert milliarden sonnen@zeng
606 0  @a恒星演化
690    @aP152@v5
701  0 @c(德)@a基彭哈恩@9ji peng ha en@c(Kippenhahn, Rudolf@f1926-)@4著
702  0 @a沈良照@9shen liang zhao@f(1928-)@4译
702  0 @a黄润乾@9huang run qian@f(1933-)@4译
801  0 @aCN@b91MARC@c20180315
905    @aMuseLib@dP152@e215
    
    千亿个太阳=Hundert milliarden sonnen/(德)鲁道夫·基彭哈恩(Rudolf Kippenhahn)著/沈良照,黄润乾译.-长沙:湖南科学技术出版社,2018
    21,278页:图;21cm.-(第一推动丛书.宇宙系列;08)
    
    
    ISBN 978-7-5357-9452-9:CNY49.00
    本书介绍了恒星的能源、结构和演化,射电脉冲星、密近双星质量转移、致密X射线及地外文明的知识。全书基本上撇开了数学公式,运用了许多比喻,叙述了许多著者亲身经历的故事。
●
相关链接 在E读中查询图书 在五车中查询图书 在当当中查询图书 在豆瓣中查询图书


正题名:千亿个太阳     索取号:P152/215         预约/预借

序号 登录号 条形码 馆藏地/架位号 状态 备注
1 1109916   211099167   第二样本阅览室/ [索取号:P152/215] 在馆    
2 1109917   211099176   教育系资料室/ [索取号:P152/215] 在馆    
3 1109918   211099185   教育系资料室/ [索取号:P152/215] 在馆    
4 1109919   211099194   第三借阅区/ [索取号:P152/215] 在馆    
唐山师范学院图书馆 欢迎您!
大连网信软件有限公司© 版权所有